| 000 | 00340nam a2200133Ia 4500 | ||
|---|---|---|---|
| 008 | 240624s9999 xx 000 0 und d | ||
| 041 | _aeng | ||
| 082 | _a330.95 GUI | ||
| 100 | _aGUIRDHAM MAUREEN | ||
| 245 | _aCULTURE BUSINESS IN ASIA | ||
| 260 |
_c2009 _aNew York _bPalgrave Macmillan |
||
| 300 | _axv, 371 p.; 23 cm. | ||
| 365 |
_cERU _b38 |
||
| 999 |
_c31082 _d31082 |
||